000 01381nam a2200265Ia 4500
999 _c36888
_d36888
001 2838
003 GE_BSU
005 20190611213633.0
008 181216s2012||||ge |||||||||||||| ||geo||
020 _a9789941132131
040 _cGE_BSU
041 _ageo
080 _a811.112(075.8) ა-61
100 _aანდრაზაშვილი, მარინა
_92438
245 _aგერმანული ენის გრამატიკა = Grammatik der deutschen Sprache 4 წიგნად :
_bწ. 4 : სინტაქსი II. /
_cმარინა ანდრაზაშვილი ; ივ. ჯავახიშვილის სახ. თსუ.
250 _aმე-2 გადამუშავებული და გავრცობილი გამოცემა
264 _aთბილისი :
_bთბილ. უნ-ტის გამ-ბა,
_c2012.
300 _a540 გვ.;
_b26 სმ.
504 _a საძიებლები: გვ. 1755-1853. - ბიბლიოგრ.: გვ. 1745-1754.
520 _aრეზ. გერმ.
653 _aგერმანული ენის გრამატიკა
653 _aგერმანული ენის სინტაქსი
710 _a ივ. ჯავახიშვილის სახ. თსუ
_92439
942 _cBK
_2udc